000 00643nam a2200229Ia 4500
003 OSt
005 20221007080705.0
006 a|||||r|||| 00| 0
007 ta
008 221006b |||||||| |||| 00| 0 eng d
024 _a25,621
037 _cTextual
040 _aFLL
_cFLL
_beng
041 _2eng
_aeng
082 _aV73:2:9Zy7, K8 1-1
100 _aCushman Robert F.
_9466746
245 0 _aCases in constitutional law 1967-1968
260 _aNew York
_bAppleton -Century- Crofts
_c1968
300 _avi,76p
_ccm.
942 _hV73:2:9Zy7, K8 1-1
_cTEXL
_2CC
999 _c1160548
_d1160548